Statistiques concernant Effectif de l'ASM Clermont - Saison 2021-2022.

Cliquez ici pour prendre le quiz!

Statistiques générales

  • Ce quiz a été pris 186 fois
    (151 depuis la dernière actualisation)
  • Le résultat moyen est 23 sur 43

Statistiques - réponses

Joueur% Correct
Damian Penaud
95%
Morgan Parra
95%
Camille Lopez
91%
Alivereti Raka
88%
Kotaro Matsushima
78%
Fritz Lee
75%
Sébastien Bézy
75%
George Moala
69%
Peceli Yato
69%
Rabah Slimani
67%
Tomas Lavanini
66%
Arthur Iturria
65%
Étienne Fourcade
63%
Cristian Ojovan
59%
Wesley Fofana
59%
Yohan Beheregaray
59%
Étienne Falgoux
58%
Paul Jedrasiak
57%
Adrien Pélissié
56%
Peni Ravai
55%
Jean-Pascal Barraque
54%
Cheikh Tiberghien
49%
Clément Lanen
49%
Thibaud Lanen
49%
Judicaël Cancoriet
48%
Sébastien Vahaamahina
47%
Apisai Naqalevu
46%
Jacobus van Tonder
46%
Alexandre Fischer
45%
Daniel Bibi Bizuwu
45%
Kévin Viallard
45%
Marvin O'Connor
44%
Tani Vili
44%
Samuel Ezeala
42%
JJ Hanrahan
41%
Sipili Falatea
40%
Gabin Michet
39%
Giorgi Beria
37%
Lucas Dessaigne
35%
Alexandre Lapandry
34%
Bastien Pourailly
27%
Thomas Rozière
26%
Léo Treilles
6%

Distribution des résultats

Percentile par nombre de réponses

% des personnes avec chaque résultat

Votre développement - résultats

Vous n’avez pas pris ce quiz depuis la dernière actualisation